Computation, causation, and discovery

Αποθηκεύτηκε σε:
Λεπτομέρειες βιβλιογραφικής εγγραφής
Άλλοι συγγραφείς: Glymour, Clark N. (Επιμελητής έκδοσης), Cooper, Gregory Floyd (Επιμελητής έκδοσης)
Μορφή: Βιβλίο
Γλώσσα:English
Δημοσίευση: Menlo Park, Calif. : Cambridge,Mass. : AAAI Press, MIT Press, c1999
Θέματα:
Ετικέτες: Προσθήκη ετικέτας
Δεν υπάρχουν, Καταχωρήστε ετικέτα πρώτοι!

MARC

LEADER 00000nam a2200000 i 4500
001 1/9645
008 000823s1999 eng d
020 |a 0-262-57124-2 
035 |l 10063143 
040 |a GR-MY-UA  |b gre  |e aacr 
041 0 |a eng 
082 0 |a 519.54  |2 (21) 
245 1 0 |a Computation, causation, and discovery /  |c edited by Clark Glymour and Gregory F.Cooper 
260 |a Menlo Park, Calif. :   |a Cambridge,Mass. :   |b AAAI Press,   |b MIT Press,   |c c1999 
300 |a xv, 552 σ.;  |b εικ.;  |c 23 εκ. 
504 |a Περιλαμβάνει βιβλιογραφίες και ευρετήριο 
650 0 0 |a Prediction theory. 
650 0 0 |a Causation. 
650 0 0 |a Data mining. 
700 1 |a Glymour, Clark N.  |4 edt 
700 1 |a Cooper, Gregory Floyd.  |4 edt 
852 |a INST  |b SAMOS  |e 20000823  |h 519.54 COM  |p 005300015211  |q 005300015211  |t BK  |y 0 
852 |a INST  |b SAMOS  |e 20020425  |h 519.54 COM  |p 005300020106  |q 005300020106  |t BK  |y 0 
852 |a INST  |b SYROS  |e 20000823  |h 519.54 COM  |p 005500000501  |q 005500000501  |t BK  |y 0 
901 |a BIBL3-2000-2 
909 |a Σ  |b 067849 
909 |a Σ  |b 087491 
909 |a Ε  |b 067848 
922 |a 3ΕΛΗ  |b 200002  |c ΤΠΕΣ/ΠΟΛ  |d LEADER 
922 |a 5ΕΛΗ  |b 200002  |c ΤΠΕΣ/ΠΟΛ  |d LEADER 
970 |a ΜΑΛΑΓΑΡΗ  |b ΦΩΤΕΙΝΗ  |z 2000/08/23